Countries by Coastline Outlines - Statistics

General Stats
  • This quiz has been taken 86 times
  • The average score is 11 of 16
Answer Stats
Picture Answer % Correct
India
100%
Egypt
91%
South Africa
90%
Vietnam
84%
Portugal
83%
Morocco
75%
Thailand
71%
Libya
69%
Oman
69%
Saudi Arabia
64%
Germany
60%
Latvia
58%
Tunisia
58%
Colombia
52%
Azerbaijan
38%
Eritrea
36%
No matching quizzes found
Score Distribution
Percent of People with Each Score
Percentile by Number Answered
Your Score History
You have not taken this quiz